Power electronics (Record no. 1404)

000 -LEADER
fixed length control field 00542nam a2200205 4500
001 - CONTROL NUMBER
control field 1404
003 - CONTROL NUMBER IDENTIFIER
control field BD-DhUET
008 - FIXED-LENGTH DATA ELEMENTS--GENERAL INFORMATION
fixed length control field 140906b xxu||||| |||| 00| 0 eng d
020 ## - INTERNATIONAL STANDARD BOOK NUMBER
International Standard Book Number 8120325036
040 ## - CATALOGING SOURCE
Transcribing agency 0
Modifying agency BD-DhUET
082 ## - DEWEY DECIMAL CLASSIFICATION NUMBER
Classification number 623.17
Item number RAS/2004
100 ## - MAIN ENTRY--PERSONAL NAME
Personal name Rashid, Muhammad H.
245 ## - TITLE STATEMENT
Title Power electronics
Remainder of title circuits, devices, and applications
250 ## - EDITION STATEMENT
Edition statement 3rd ed.
260 ## - PUBLICATION, DISTRIBUTION, ETC. (IMPRINT)
Place of publication, distribution, etc. New Delhi
Name of publisher, distributor, etc. Prentice-Hall of India
Date of publication, distribution, etc. 2004
300 ## - PHYSICAL DESCRIPTION
Extent xxiv,880p.
504 ## - BIBLIOGRAPHY, ETC. NOTE
Bibliography, etc Includes bibliographies
650 #0 - SUBJECT ADDED ENTRY--TOPICAL TERM
Topical term or geographic name as entry element Power electronics
942 ## - ADDED ENTRY ELEMENTS (KOHA)
Koha item type General Book
Holdings
Koha date last seen Shelving location Copy number Source of classification or shelving scheme Koha date last borrowed Lost status Not for loan Date acquired Koha full call number Price effective from Koha issues (times borrowed) Withdrawn status Sublocation or collection (holding branch) Damaged status Piece designation (barcode) Koha item type Location (home branch) Koha normalized classification for sorting
2022-04-12Circulation section1 2021-12-19  2014-09-06623.17/RAS/20042014-09-064 Central Library, BUET 103652General BookCentral Library, BUET623_000000000000000_17RAS2004
2022-11-29Circulation section2 2022-11-29  2014-09-06623.17/RAS/20042014-09-061 Central Library, BUET 103653General BookCentral Library, BUET623_000000000000000_17RAS2004
2018-11-27Circulation section3 2018-10-28  2014-09-06623.17/RAS/20042014-09-062 Central Library, BUET 103654General BookCentral Library, BUET623_000000000000000_17RAS2004
2014-09-06Circulation section4    2014-09-06623.17/RAS/20042014-09-06  Central Library, BUET 103655General BookCentral Library, BUET623_000000000000000_17RAS2004
2016-03-07Circulation section5 2014-12-07  2014-09-06623.17/RAS/20042014-09-061 Central Library, BUET 103656General BookCentral Library, BUET623_000000000000000_17RAS2004
2025-01-26Circulation section6 2023-09-23  2014-09-06623.17/RAS/20042014-09-064 Central Library, BUET 103657General BookCentral Library, BUET623_000000000000000_17RAS2004
2025-02-09Circulation section7 2024-12-08  2014-09-06623.17/RAS/20042014-09-063 Central Library, BUET 103658General BookCentral Library, BUET623_000000000000000_17RAS2004
2023-10-04Circulation section8 2023-09-24  2014-09-06623.17/RAS/20042014-09-063 Central Library, BUET 103659General BookCentral Library, BUET623_000000000000000_17RAS2004
2014-09-06Circulation section9    2014-09-06623.17/RAS/20042014-09-06  Central Library, BUET 103660General BookCentral Library, BUET623_170000000000000_RAS_2004
2014-09-06Circulation section10    2014-09-06623.17/RAS/20042014-09-06  Central Library, BUET 103661General BookCentral Library, BUET623_000000000000000_17RAS2004